El desperdicio escolar y económico en el nivel medio.

Guardado en:
Bibliografiske detaljer
Institution som forfatter: Centro de Estudios Educativos (México)
Format: Bog
Sprog:spansk
Fag:
Tags: Tilføj Tag
Ingen Tags, Vær først til at tagge denne postø!

MARC

LEADER 00000cam^a2200000uu^4500
001 000481098
005 20250521000000.0
008 050901s1965^^^^^^^^^^^^r^^r^^000^0^spa^d
009 20260310125016.729
035 |a FCE 000024123 
035 |a FCE 008902 
037 |a Acervo ITESO - Biblioteca 
041 |a spa 
082 0 |a 370.1  |b CEE 10/65 
110 |a Centro de Estudios Educativos (México) 
245 1 3 |a El desperdicio escolar y económico en el nivel medio. 
264 |a México :  |b CEE,  |c 1965. 
300 |a 5 p. 
336 |a texto  |b txt  |2 rdacontenido 
337 |a sin mediación  |b n  |2 rdamedio 
338 |a volumen  |b nc  |2 rdasoporte 
649 |a XX 
650 |a Estadísticas educativas 
650 |a Educación media 
650 |a Gasto educativo 
650 |a Educación media superior 
650 |a Deserción escolar 
910 |a Fondo Centro de Estudios Educativos 
920 |a Impresos - Libros 
930 |a Fondos Especiales 
905 |a 133 
901 |a ALE008902  |b IT2  |c CEE  |u 20250521 
901 |a ALE050153  |b IT2  |c CEE  |u 20250521 
901 |a ALE050154  |b IT2  |c CEE  |u 20250521 
902 |a https://opac.biblio.iteso.mx/vufind/Record/000481098